Sports Quiz

Random Sports or Basketball Quiz

Los Angeles Clippers All-Time Leaders Quiz Stats

 Plays Quiz Updated May 17, 2018

Challenge
Share
Tweet
Embed
Score 0/50 Timer 08:00
0 Plays Today
Category Player % Correct
PointsBlake Griffin
95.2%
ReboundsBlake Griffin
95.2%
PointsChris Paul
85.3%
BlocksDeAndre Jordan
80.8%
ReboundsDeAndre Jordan
80.3%
StealsChris Paul
70.3%
AssistsBlake Griffin
69.3%
AssistsChris Paul
65.9%
PointsElton Brand
62.9%
BlocksElton Brand
62.9%
StealsElton Brand
62.8%
ReboundsElton Brand
59.6%
StealsDanny Manning
55.9%
PointsRandy Smith
47.2%
AssistsRandy Smith
47.2%
StealsRandy Smith
47.2%
ReboundsRandy Smith
46.8%
BlocksCharles Smith
46.4%
PointsDeAndre Jordan
43.3%
AssistsNorm Nixon
42.3%
PointsBob McAdoo
41.1%
ReboundsBob McAdoo
41%
BlocksBob McAdoo
41%
AssistsPooh Richardson
39.9%
PointsCorey Maggette
38.1%
Category Player % Correct
ReboundsChris Kaman
37.6%
BlocksChris Kaman
37.6%
PointsDanny Manning
37.4%
BlocksDanny Manning
37.2%
StealsCorey Maggette
36%
StealsBlake Griffin
35.2%
AssistsMark Jackson
33.3%
AssistsBaron Davis
32.3%
StealsRon Harper
29.3%
BlocksMichael Olowokandi
18.7%
AssistsErnie DiGregorio
17.4%
PointsLoy Vaught
15.6%
ReboundsLoy Vaught
15.6%
StealsLoy Vaught
15.6%
AssistsRon Harper
15%
StealsDeAndre Jordan
13.1%
AssistsGary Grant
11.9%
StealsGary Grant
11.9%
ReboundsBenoit Benjamin
11.7%
BlocksBenoit Benjamin
11.7%
ReboundsKen Norman
9.3%
PointsKen Norman
9.1%
ReboundsSwen Nater
7.8%
BlocksBo Outlaw
4.6%
BlocksGar Heard
4.5%

You're not logged in!

Compare scores with friends on all Sporcle quizzes.
OR
Log In

You Might Also Like...

Show Comments

Extras

Top Quizzes Today


Score Distribution

Your Account Isn't Verified!

In order to create a playlist on Sporcle, you need to verify the email address you used during registration. Go to your Sporcle Settings to finish the process.

Report this User

Report this user for behavior that violates our Community Guidelines.

Details: